000 00495nam a2200181Ia 4500
005 20250326124148.0
008 250326s9999 xx 000 0 und d
037 _aTextbook
040 _aFMSL
_beng
_cFMSL
041 _aeng
_2eng
084 _aX:51 L6;6
_qFMSL
100 _aWillsmer R L
_9736893
245 0 _aBasic arts of marketing
_cWillsmer R L
260 _aLondon
_bLondon, Business Books
_c1976
300 _a230p
942 _cTB
_hX:51 L6;6
999 _c1272541
_d1272541